[Event "Bayerische EM 2014 Allg. Gruppe"]
[Site "Westerndorf St. Peter/Rosenheim"]
[Date "2014.08.26"]
[Round "6.14"]
[White "Graf, Christian"]
[Black "Braun, Thomas"]
[Result "1/2-1/2"]
[WhiteElo "2158"]
[BlackElo "2151"]
[PlyCount "88"]
[EventDate "2014.??.??"]
[WhiteTeam "SU Ebersberg-Grafing"]
[BlackTeam "FC Bayern München e.V."]

1. e4 e6 2. d4 d5 3. Nd2 Be7 4. Ngf3 Nf6 5. Bd3 c5 6. dxc5 dxe4 7. Nxe4 Nxe4 8.
Bxe4 Qxd1+ 9. Kxd1 Bxc5 10. Ke2 Nd7 11. Be3 Bxe3 12. fxe3 Nc5 13. Bd3 f6 14. b4
Nd7 15. Nd4 Ne5 16. Nb5 Ke7 17. Be4 Bd7 18. Nd4 g5 19. h4 g4 20. a3 Rab8 21.
Rhc1 b5 22. g3 f5 23. Bg2 Rbc8 24. c3 Rc4 25. Kd2 Rd8 26. Bf1 Rc7 27. Kc2 Nc4
28. Bxc4 Rxc4 29. Nb3 Bc6 30. Nc5 a5 31. Rd1 Bd5 32. Rd4 a4 33. Rad1 Rxc5 34.
bxc5 Bb3+ 35. Kd2 Bxd1 36. Kxd1 e5 37. Rxd8 Kxd8 38. e4 f4 39. gxf4 exf4 40. e5
Kd7 41. Ke2 f3+ 42. Ke3 h5 43. Kf2 Kd8 44. Ke3 Kd7 1/2-1/2

[Event "Bayerische EM 2014 Allg. Gruppe"]
[Site "Westerndorf St. Peter/Rosenheim"]
[Date "2014.08.26"]
[Round "6.15"]
[White "Woitylak, Steffen"]
[Black "Basener, Winfried"]
[Result "1/2-1/2"]
[WhiteElo "1921"]
[BlackElo "2146"]
[PlyCount "75"]
[EventDate "2014.??.??"]
[WhiteTeam "TV 1862 Geiselhöring"]
[BlackTeam "SC Neuhausen 1908"]

1. Nf3 Nf6 2. b3 g6 3. Bb2 Bg7 4. e3 O-O 5. Be2 d6 6. d4 b6 7. O-O c5 8. c4 Na6
9. Nc3 Nc7 10. Qd2 Bb7 11. Rfd1 Ne4 12. Nxe4 Bxe4 13. Ng5 Bb7 14. Bf3 Bxf3 15.
Nxf3 Qc8 16. h3 Qf5 17. Qd3 Qh5 18. Qe4 Ne6 19. Rab1 Ng5 20. Nxg5 Qxg5 21. h4
Qf5 22. Qxe7 Bf6 23. Qxd6 Bxh4 24. Qf4 Qxf4 25. exf4 cxd4 26. Bxd4 Be7 27. Be3
Rfd8 28. Kf1 Kf8 29. Ke2 Ke8 30. a4 Bb4 31. g4 h6 32. Rh1 Bf8 33. Rbd1 Ke7 34.
Kf3 Ke6 35. Bd4 f6 36. Rhe1+ Kf7 37. Bc3 Rac8 38. Bd4 1/2-1/2

[Event "Bayerische EM 2014 Allg. Gruppe"]
[Site "Westerndorf St. Peter/Rosenheim"]
[Date "2014.08.27"]
[Round "7.1"]
[White "Hilverda, Alexander"]
[Black "Berchtenbreiter, Maximilian"]
[Result "1/2-1/2"]
[WhiteElo "2301"]
[BlackElo "2412"]
[PlyCount "79"]
[EventDate "2014.??.??"]
[WhiteTeam "SC Erlangen 48/88"]
[BlackTeam "SG Pang-Rosenheim 1910 e.V."]

1. Nf3 Nf6 2. c4 e6 3. g3 a6 4. Bg2 b5 5. Ne5 Ra7 6. cxb5 axb5 7. d4 d6 8. Nd3
Bb7 9. Bxb7 Rxb7 10. Qc2 Qd7 11. Nd2 h5 12. Nf3 h4 13. Nxh4 c5 14. dxc5 dxc5
15. Nf3 c4 16. Nde5 Qc7 17. b3 Bd6 18. Bb2 Rh5 19. bxc4 Bxe5 20. Bxe5 Rxe5 21.
Nxe5 Qxe5 22. Rb1 Ne4 23. cxb5 Rc7 24. Qd3 Nc3 25. O-O Nxb1 26. Rxb1 Nd7 27. a4
Nc5 28. Qd1 Rd7 29. Qc2 Qe4 30. Qxe4 Nxe4 31. a5 Nc3 32. Rb4 Rd4 33. Rb3 Nd5
34. b6 Rb4 35. Ra3 Kd7 36. e4 Rxe4 37. b7 Rb4 38. a6 Nc7 39. a7 Rxb7 40. a8=Q
1/2-1/2

[Event "Bayerische EM 2014 Allg. Gruppe"]
[Site "Westerndorf St. Peter/Rosenheim"]
[Date "2014.08.27"]
[Round "7.2"]
[White "Prediger, Rupert"]
[Black "Knechtel, Roland"]
[Result "1-0"]
[WhiteElo "2253"]
[BlackElo "2227"]
[PlyCount "101"]
[EventDate "2014.??.??"]
[WhiteTeam "SG Pang-Rosenheim 1910 e.V."]
[BlackTeam "SV Röhrnbach e.V."]

1. e4 c6 2. d4 d5 3. exd5 cxd5 4. Bd3 Nf6 5. c3 Bg4 6. Qb3 Qc7 7. Bg5 e6 8. Nd2
Nc6 9. Ngf3 Bd6 10. h3 Bh5 11. O-O Bg6 12. Bxg6 hxg6 13. c4 O-O 14. Bxf6 dxc4
15. Nxc4 gxf6 16. Nxd6 Qxd6 17. Rfd1 Rfd8 18. Rac1 Rd7 19. a3 Rad8 20. Qe3 Kg7
21. d5 exd5 22. Nd4 Re7 23. Qc3 Nxd4 24. Qxd4 a6 25. g3 Qe5 26. Rc5 Red7 27. h4
Rd6 28. b4 Qxd4 29. Rxd4 f5 30. Kg2 Kf6 31. f4 Ke6 32. Rc3 Rc6 33. Re3+ Kd6 34.
Re5 Rc2+ 35. Kh3 Kc6 36. Re7 Rc4 37. Rd2 d4 38. Rxf7 d3 39. Rf6+ Kb5 40. h5 Rc2
41. Rd1 d2 42. hxg6 Rc1 43. Rxf5+ Ka4 44. Rxd2 Rxd2 45. g7 Rd8 46. Rf8 Rcc8 47.
Rxd8 Rxd8 48. f5 Rg8 49. f6 b5 50. f7 Rxg7 51. f8=Q 1-0

[Event "Bayerische EM 2014 Allg. Gruppe"]
[Site "Westerndorf St. Peter/Rosenheim"]
[Date "2014.08.27"]
[Round "7.3"]
[White "Lederle, Vitus"]
[Black "Stips, Felix"]
[Result "1-0"]
[WhiteElo "2200"]
[BlackElo "2315"]
[PlyCount "101"]
[EventDate "2014.??.??"]
[WhiteTeam "SC Dillingen"]
[BlackTeam "TSV Bindlach Aktionär-Schachabte"]

1. e4 e5 2. Nf3 Nc6 3. Bc4 Bc5 4. c3 Nf6 5. d3 d6 6. Bb3 h6 7. h3 O-O 8. Nbd2
Bb6 9. Nf1 d5 10. Qe2 dxe4 11. dxe4 Nh5 12. g3 Qe7 13. Ne3 Nf6 14. Nh4 Rd8 15.
Nhf5 Bxf5 16. Nxf5 Qf8 17. Qf3 Ne8 18. Bxh6 gxh6 19. Nxh6+ Kh7 20. Nxf7 Rd6 21.
Ng5+ Kg7 22. Ne6+ Rxe6 23. Qxf8+ Kxf8 24. Bxe6 Nd6 25. f3 Ke7 26. Bb3 Na5 27.
Ke2 Nxb3 28. axb3 Rg8 29. g4 Nf7 30. Rad1 Ng5 31. Rd5 Ke6 32. h4 Nf7 33. Rhd1
Rh8 34. h5 Nd6 35. c4 Bd4 36. R5xd4 exd4 37. Rxd4 Rg8 38. Rd5 Nf7 39. Kf2 Ne5
40. Kg3 c6 41. Rd1 a5 42. h6 Nf7 43. c5 Rh8 44. f4 Rxh6 45. g5 Rh8 46. g6 Rg8
47. Kf3 Nh6 48. Rd6+ Ke7 49. f5 b6 50. f6+ Ke8 51. cxb6 1-0

[Event "Bayerische EM 2014 Allg. Gruppe"]
[Site "Westerndorf St. Peter/Rosenheim"]
[Date "2014.08.27"]
[Round "7.4"]
[White "Bintakies, Michael"]
[Black "Straub, Jürgen"]
[Result "1/2-1/2"]
[WhiteElo "2215"]
[BlackElo "2201"]
[PlyCount "107"]
[EventDate "2014.??.??"]
[WhiteTeam "SK Kriegshaber"]
[BlackTeam "SK Ingolstadt"]

1. f4 Nf6 2. Nf3 g6 3. d3 d5 4. g3 Bg7 5. Bg2 O-O 6. O-O c5 7. Qe1 d4 8. Na3
Nc6 9. c3 Rb8 10. Bd2 b6 11. h3 Bb7 12. Rc1 Nd7 13. g4 e6 14. Ng5 Ne7 15. Bxb7
Rxb7 16. Nc4 b5 17. Nd6 Rb6 18. Nde4 h6 19. Nf3 f5 20. Ng3 Ra6 21. cxd4 cxd4
22. a3 Nd5 23. gxf5 exf5 24. Qf2 Qb6 25. Rc2 Ne3 26. Bxe3 dxe3 27. Qg2 Qd6 28.
Nh4 Nb8 29. Qb7 Rc6 30. Qxb5 Rxc2 31. Qb3+ Kh7 32. Qxc2 Nc6 33. Ng2 Ne7 34. Rc1
Rc8 35. Qb1 Rxc1+ 36. Qxc1 Nd5 37. Qc4 Bxb2 38. Nf1 Bxa3 39. Nfxe3 Bc5 40. Kh1
Nxe3 41. Nxe3 Bxe3 42. Qf7+ Kh8 43. Qe8+ Kg7 44. Qxe3 a6 45. Qc1 h5 46. Qc3+
Kf7 47. e3 Ke6 48. Kg2 Qd5+ 49. Kf2 a5 50. Qc8+ Kf7 51. Qc7+ Kf6 52. Qc3+ Kf7
53. Qc7+ Kf6 54. Qc3+ 1/2-1/2

[Event "Bayerische EM 2014 Allg. Gruppe"]
[Site "Westerndorf St. Peter/Rosenheim"]
[Date "2014.08.27"]
[Round "7.5"]
[White "Pohl-Kuemmel, Jens-Uwe"]
[Black "Zill, Christoph"]
[Result "1/2-1/2"]
[WhiteElo "2270"]
[BlackElo "2182"]
[PlyCount "151"]
[EventDate "2014.??.??"]
[WhiteTeam "TSV Wacker Neutraubling"]
[BlackTeam "SK Freising"]

1. d4 Nf6 2. c4 e6 3. Nf3 Bb4+ 4. Bd2 Qe7 5. g3 Nc6 6. Nc3 Bxc3 7. Bxc3 Ne4 8.
Rc1 Nxc3 9. Rxc3 d6 10. Bg2 O-O 11. O-O e5 12. d5 Nb8 13. Ne1 a5 14. Nc2 Na6
15. f4 f5 16. Qd2 Nc5 17. Re3 Bd7 18. Qc3 e4 19. b3 c6 20. dxc6 Bxc6 21. Rd1
Qf6 22. Nd4 h5 23. a3 Kh7 24. b4 axb4 25. axb4 Na4 26. Qc2 g6 27. Ra3 Nb6 28.
Ra5 Rxa5 29. bxa5 Ba4 30. Nb3 Nd7 31. Qa2 Nc5 32. Nxc5 Bxd1 33. Nxb7 Qd4+ 34.
Kf1 Qc3 35. a6 Qc1 36. Kf2 e3+ 37. Kf3 Qd2 38. Qxd2 exd2 39. Ke3 Bb3 40. Kxd2
Bxc4 41. a7 d5 42. Na5 Ba2 43. Nc6 Ra8 44. Kc3 Kg7 45. Kd4 Bb3 46. Bxd5 Ba4 47.
h4 Bxc6 48. Bxc6 Rxa7 49. Ke3 Kf6 50. Kf2 Ra6 51. Bd5 Ke7 52. Bc4 Rc6 53. Bd5
Rb6 54. Bc4 Kd6 55. Bf7 Kc5 56. Be8 Kd4 57. Bf7 Kc3 58. Bd5 Rd6 59. Bf7 Kd2 60.
Bc4 Rd7 61. Bb5 Rb7 62. Bc4 Re7 63. Bb5 Re4 64. Ba6 Rb4 65. Bd3 Ra4 66. Bb5 Rb4
67. Bd3 Rb6 68. Bc4 Rb7 69. Bd3 Rc7 70. Bb5 Rc8 71. Bd3 Rc1 72. Bb5 Rb1 73. Bc4
Rb6 74. Bd3 Kc3 75. Ke3 Rb8 76. Kf2 1/2-1/2

[Event "Bayerische EM 2014 Allg. Gruppe"]
[Site "Westerndorf St. Peter/Rosenheim"]
[Date "2014.08.27"]
[Round "7.6"]
[White "Schelle, Artur"]
[Black "Schmid, Roland"]
[Result "1-0"]
[WhiteElo "2247"]
[BlackElo "2252"]
[PlyCount "79"]
[EventDate "2014.??.??"]
[WhiteTeam "SC Tarrasch 45 München"]
[BlackTeam "TSV Wacker Neutraubling"]

1. e4 d6 2. d4 Nf6 3. Nc3 e5 4. Nf3 Nbd7 5. Bc4 Be7 6. O-O O-O 7. Re1 c6 8. a4
a5 9. Ba2 exd4 10. Nxd4 Nc5 11. h3 Re8 12. Qf3 Bf8 13. Bg5 Ne6 14. Be3 Nd7 15.
Nf5 Qf6 16. Rad1 Ne5 17. Qg3 Nc5 18. Nh6+ Kh8 19. f4 gxh6 20. fxe5 Rxe5 21.
Bxc5 Rxc5 22. Rf1 Qg5 23. Rxf7 Bg7 24. Rxd6 Bxh3 25. Qxh3 Rxc3 26. Qf5 Qe3+ 27.
Qf2 Qc1+ 28. Qf1 Qe3+ 29. Kh1 Rc5 30. Rf5 Rxc2 31. Qd3 Rc1+ 32. Kh2 Be5+ 33.
Rxe5 Qf4+ 34. g3 Qxe5 35. Rd8+ Kg7 36. Rxa8 Qxb2+ 37. Kh3 Rh1+ 38. Kg4 h5+ 39.
Kf3 Qxa2 40. Rd8 1-0

[Event "Bayerische EM 2014 Allg. Gruppe"]
[Site "Westerndorf St. Peter/Rosenheim"]
[Date "2014.08.27"]
[Round "7.7"]
[White "Wilfert, André"]
[Black "Shashkin, Igor"]
[Result "1/2-1/2"]
[WhiteElo "2065"]
[BlackElo "2115"]
[PlyCount "24"]
[EventDate "2014.??.??"]
[WhiteTeam "1.FC Marktleuthen"]
[BlackTeam "PTSV SK Hof 1892"]

1. d4 Nf6 2. Nf3 g6 3. c4 Bg7 4. Nc3 d5 5. e3 O-O 6. b3 c5 7. Bb2 Nc6 8. Be2
Qa5 9. O-O Rd8 10. Nb5 Ne4 11. Qc1 dxc4 12. bxc4 a6 1/2-1/2

[Event "Bayerische EM 2014 Allg. Gruppe"]
[Site "Westerndorf St. Peter/Rosenheim"]
[Date "2014.08.27"]
[Round "7.8"]
[White "Blodig, Constantin"]
[Black "Taggatz, Mario"]
[Result "0-1"]
[WhiteElo "1939"]
[BlackElo "2231"]
[PlyCount "116"]
[EventDate "2014.??.??"]
[WhiteTeam "SK Kelheim 1920"]
[BlackTeam "SC Gröbenzell"]

1. e4 e6 2. d4 c5 3. Nf3 cxd4 4. Nbd2 Nc6 5. Nb3 Bb4+ 6. Bd2 Bxd2+ 7. Qxd2 e5
8. Bb5 Nge7 9. c3 dxc3 10. Qxc3 Ng6 11. Bxc6 dxc6 12. Nxe5 Qe7 13. Nxg6 Qxe4+
14. Kd2 Qxg6 15. Rae1+ Be6 16. Nc5 O-O-O+ 17. Kc1 Rd5 18. Re3 Qg5 19. Nxe6 fxe6
20. b4 Rhd8 21. Rhe1 Kb8 22. g3 Rd4 23. R1e2 Qb5 24. Re4 Rd1+ 25. Kb2 R1d3 26.
Qe5+ Qxe5+ 27. Rxe5 Rd2+ 28. Kc1 Rxe2 29. Rxe2 Rd6 30. Kc2 Kc7 31. Re4 Kd7 32.
Rh4 h6 33. Rg4 g5 34. h4 Rd5 35. f4 gxf4 36. Rxf4 Ke7 37. g4 e5 38. Re4 Ke6 39.
a3 b6 40. Rc4 Rd6 41. Rc3 e4 42. g5 hxg5 43. hxg5 Kf5 44. Rg3 Rg6 45. Rh3 Rxg5
46. Rh7 a5 47. Rb7 axb4 48. Rxb6 bxa3 49. Rxc6 Rg2+ 50. Kc3 a2 51. Ra6 Kf4 52.
Rf6+ Ke3 53. Ra6 Kf3 54. Ra3 e3 55. Ra8 e2 56. Rf8+ Ke3 57. Re8+ Kf2 58. Kb2
a1=Q+ 0-1

[Event "Bayerische EM 2014 Allg. Gruppe"]
[Site "Westerndorf St. Peter/Rosenheim"]
[Date "2014.08.27"]
[Round "7.9"]
[White "Grawe, Christian"]
[Black "Schlichtmann, Robin"]
[Result "0-1"]
[WhiteElo "2214"]
[BlackElo "2079"]
[PlyCount "74"]
[EventDate "2014.??.??"]
[WhiteTeam "Schachklub Germering e. V."]
[BlackTeam "SK Bruckmühl e.V."]

1. e4 e6 2. d4 d5 3. Nc3 dxe4 4. Nxe4 Nd7 5. c3 Ngf6 6. Bd3 c5 7. Nf3 cxd4 8.
cxd4 Nxe4 9. Bxe4 Nf6 10. Bc2 Bb4+ 11. Bd2 Bxd2+ 12. Qxd2 O-O 13. O-O b6 14.
Ne5 Bb7 15. f3 Rc8 16. Rad1 Qd5 17. Qd3 Rfd8 18. Rfe1 Ba6 19. Qd2 Bc4 20. Kh1
Bxa2 21. Be4 Qd6 22. Re3 Nxe4 23. Rxe4 Bb3 24. Rc1 Rxc1+ 25. Qxc1 f6 26. Nd3 e5
27. Qc3 Bf7 28. Nf2 exd4 29. Qd2 Bg6 30. Re1 Rc8 31. Ne4 Bxe4 32. Rxe4 d3 33.
Re1 Rc2 34. Qe3 d2 35. Rd1 Qe5 36. Qf2 Qxb2 37. h4 Rc1 0-1

[Event "Bayerische EM 2014 Allg. Gruppe"]
[Site "Westerndorf St. Peter/Rosenheim"]
[Date "2014.08.27"]
[Round "7.11"]
[White "Wagner, Florian"]
[Black "Kunz, Konstantin"]
[Result "0-1"]
[WhiteElo "2215"]
[BlackElo "2235"]
[PlyCount "78"]
[EventDate "2014.??.??"]
[WhiteTeam "SC Noris-Tarrasch Nürnberg 1873"]
[BlackTeam "SC Kitzingen von 1905"]

1. e4 c5 2. Nf3 e6 3. d4 cxd4 4. Nxd4 a6 5. Bd3 Nf6 6. O-O d6 7. c4 b6 8. Nc3
Bb7 9. b3 Be7 10. Bb2 Nbd7 11. Qe2 g5 12. Rad1 Rg8 13. Bb1 Qc7 14. Ba3 Rd8 15.
Ndb5 axb5 16. Nxb5 Qb8 17. Nxd6+ Bxd6 18. Bxd6 Qa8 19. f3 g4 20. Kf2 e5 21. Qb2
Rg5 22. h4 Rh5 23. a3 gxf3 24. gxf3 Bxe4 25. fxe4 Nxe4+ 26. Ke3 Nxd6 27. Rxd6
Rxh4 28. Bf5 Rh1 29. Rf2 Re1+ 30. Kd2 Qh1 31. Kc3 Re3+ 32. Kb4 Qa8 33. Rd5 Nc5
34. Rxe5+ Kf8 35. a4 Rxb3+ 36. Qxb3 Nxb3 37. Be6 Kg7 38. Rg5+ Kh8 39. Rxf7 Nc5
0-1

[Event "Bayerische EM 2014 Allg. Gruppe"]
[Site "Westerndorf St. Peter/Rosenheim"]
[Date "2014.08.27"]
[Round "7.12"]
[White "Stadler, Alexander"]
[Black "Michalek, Michal"]
[Result "1/2-1/2"]
[WhiteElo "2109"]
[BlackElo "2153"]
[PlyCount "105"]
[EventDate "2014.??.??"]
[WhiteTeam "SV Röhrnbach e.V."]
[BlackTeam "SV Seubelsdorf"]

1. d4 Nf6 2. Nf3 e6 3. g3 b6 4. c4 Bb7 5. Bg2 Be7 6. O-O O-O 7. Nc3 Ne4 8. Qc2
Nxc3 9. Qxc3 d6 10. Qc2 Nd7 11. Ng5 Bxg5 12. Bxb7 Rb8 13. Bg2 Bxc1 14. Raxc1 c5
15. Rfd1 Qc7 16. Qe4 Rfd8 17. Qc6 Qxc6 18. Bxc6 Nf6 19. Rc3 Kf8 20. Rcd3 Ke7
21. Ra3 a5 22. Rad3 Rbc8 23. Bb5 cxd4 24. Rxd4 d5 25. cxd5 Rxd5 26. Rxd5 Nxd5
27. Rd2 Rc5 28. Ba4 g5 29. Kg2 f5 30. Rc2 Kf6 31. Rxc5 bxc5 32. Bc2 c4 33. a3
c3 34. b3 Nc7 35. Kf3 Nb5 36. Ke3 Nxa3 37. Kd3 Ke5 38. Bd1 c2 39. Bxc2 Nxc2 40.
Kxc2 Kd4 41. Kd2 g4 42. Kc2 e5 43. Kd2 Kc5 44. Kc3 h6 45. Kd3 Kb4 46. Kc2 e4
47. Kb2 Kb5 48. Ka3 h5 49. e3 Kb6 50. b4 Kb5 51. bxa5 Kxa5 52. Kb3 Kb5 53. Kc3
1/2-1/2

[Event "Bayerische EM 2014 Allg. Gruppe"]
[Site "Westerndorf St. Peter/Rosenheim"]
[Date "2014.08.27"]
[Round "7.13"]
[White "Braun, Thomas"]
[Black "Probst, Albert"]
[Result "1-0"]
[WhiteElo "2151"]
[BlackElo "2102"]
[PlyCount "85"]
[EventDate "2014.??.??"]
[WhiteTeam "FC Bayern München e.V."]
[BlackTeam "SK Bruckmühl e.V."]

1. d4 g6 2. c4 Bg7 3. Nc3 d6 4. e4 Nc6 5. Be3 e5 6. Nge2 f5 7. exf5 Bxf5 8.
dxe5 Bxe5 9. Ng3 Nge7 10. Be2 Qd7 11. Qd2 O-O 12. O-O Rae8 13. Rad1 Qc8 14. Nd5
Nxd5 15. cxd5 Ne7 16. Rc1 c5 17. dxc6 bxc6 18. Bd4 Qb7 19. Bc4+ Nd5 20. f4
Bxd4+ 21. Qxd4 Be6 22. Ne4 Qe7 23. Ng5 Rxf4 24. Rxf4 Qxg5 25. Rff1 Ne3 26.
Bxe6+ Rxe6 27. Qd2 d5 28. g3 d4 29. Rf4 c5 30. b4 Rc6 31. Rxd4 cxd4 32. Rxc6
Qd5 33. Rc8+ Kg7 34. Qf2 Nf5 35. g4 Qd7 36. Rc5 Ne3 37. Qf4 Qxg4+ 38. Qxg4 Nxg4
39. Rd5 Kf6 40. Rxd4 Ne5 41. Kf2 Kf5 42. b5 h5 43. Ra4 1-0

[Event "Bayerische EM 2014 Allg. Gruppe"]
[Site "Westerndorf St. Peter/Rosenheim"]
[Date "2014.08.27"]
[Round "7.14"]
[White "Lochte, Thomas"]
[Black "Woitylak, Steffen"]
[Result "1-0"]
[WhiteElo "2108"]
[BlackElo "1921"]
[PlyCount "57"]
[EventDate "2014.??.??"]
[WhiteTeam "SK Weilheim"]
[BlackTeam "TV 1862 Geiselhöring"]

1. e4 c6 2. d4 d5 3. e5 c5 4. dxc5 Nc6 5. Nf3 Bg4 6. Bb5 e6 7. Be3 Nge7 8. c3
Ng6 9. Bxc6+ bxc6 10. Qa4 Bxf3 11. Qxc6+ Ke7 12. Qd6+ Ke8 13. Qc6+ Ke7 14. Qb7+
Ke8 15. gxf3 Nxe5 16. b4 a5 17. f4 Rb8 18. Qa6 d4 19. fxe5 dxe3 20. Qc6+ Qd7
21. Qxd7+ Kxd7 22. a3 exf2+ 23. Kxf2 Kc6 24. Nd2 Kd5 25. Rhd1 Bxc5+ 26. bxc5
Kxe5 27. Nc4+ Kf6 28. Rab1 Ra8 29. Rb7 1-0

[Event "Bayerische EM 2014 Allg. Gruppe"]
[Site "Westerndorf St. Peter/Rosenheim"]
[Date "2014.08.27"]
[Round "7.15"]
[White "Höller, Armin"]
[Black "Graf, Christian"]
[Result "0-1"]
[WhiteElo "2035"]
[BlackElo "2158"]
[PlyCount "66"]
[EventDate "2014.??.??"]
[WhiteTeam "SK Weilheim"]
[BlackTeam "SU Ebersberg-Grafing"]

1. Nf3 d5 2. b3 Bg4 3. Bb2 Nd7 4. d4 e6 5. e3 Ngf6 6. h3 Bh5 7. g4 Bg6 8. Nh4
Bb4+ 9. Ke2 Ne4 10. Nxg6 fxg6 11. Bg2 O-O 12. Bxe4 dxe4 13. c3 Qf6 14. Qg1 Be7
15. Nd2 Rad8 16. Qg2 e5 17. Nxe4 Qa6+ 18. c4 b5 19. Nd2 Nb6 20. Rhc1 Bh4 21. f3
bxc4 22. Nxc4 exd4 23. Bxd4 Rxd4 24. exd4 Nd5 25. Qh1 c5 26. dxc5 Qe6+ 27. Kf1
Ne3+ 28. Kg1 Nxc4 29. Rc3 Bf6 30. Rxc4 Qe3+ 31. Kh2 Be5+ 32. f4 Bxf4+ 33. Kg2
Qe2+ 0-1

[Event "Bayerische EM 2014 Allg. Gruppe"]
[Site "Westerndorf St. Peter/Rosenheim"]
[Date "2014.08.28"]
[Round "8.1"]
[White "Hilverda, Alexander"]
[Black "Prediger, Rupert"]
[Result "1-0"]
[WhiteElo "2301"]
[BlackElo "2253"]
[PlyCount "65"]
[EventDate "2014.??.??"]
[WhiteTeam "SC Erlangen 48/88"]
[BlackTeam "SG Pang-Rosenheim 1910 e.V."]

1. d4 c5 2. d5 d6 3. c4 g6 4. Nc3 Bg7 5. e4 e6 6. Bd3 Ne7 7. Nf3 exd5 8. cxd5
O-O 9. O-O Bg4 10. h3 Bxf3 11. Qxf3 Nd7 12. Qe2 Ne5 13. Bc2 f5 14. f4 Nf7 15.
g4 Re8 16. Qg2 Qd7 17. Ba4 Qc7 18. Bxe8 Rxe8 19. exf5 gxf5 20. Re1 Rb8 21. Qe2
Kf8 22. Bd2 Bxc3 23. bxc3 Nxd5 24. c4 Nf6 25. gxf5 Re8 26. Qd3 b5 27. Rxe8+
Kxe8 28. Bc3 Qd8 29. Qe2+ Kf8 30. Qe6 Nh5 31. Rf1 b4 32. Bb2 Qh4 33. f6 1-0

[Event "Bayerische EM 2014 Allg. Gruppe"]
[Site "Westerndorf St. Peter/Rosenheim"]
[Date "2014.08.28"]
[Round "8.2"]
[White "Berchtenbreiter, Maximilian"]
[Black "Lederle, Vitus"]
[Result "1/2-1/2"]
[WhiteElo "2412"]
[BlackElo "2200"]
[PlyCount "81"]
[EventDate "2014.??.??"]
[WhiteTeam "SG Pang-Rosenheim 1910 e.V."]
[BlackTeam "SC Dillingen"]

1. e4 c5 2. Nf3 d6 3. d4 cxd4 4. Nxd4 Nf6 5. Nc3 g6 6. Be3 Bg7 7. f3 Nc6 8. Bc4
Bd7 9. Qd2 h5 10. O-O-O Na5 11. Bb3 Nxb3+ 12. cxb3 a5 13. h3 h4 14. f4 b5 15.
e5 b4 16. exf6 bxc3 17. bxc3 Bxf6 18. Nc2 Qc7 19. Bd4 Bxd4 20. Qxd4 O-O 21. g3
Rfc8 22. c4 a4 23. gxh4 axb3 24. axb3 Qb7 25. Qc3 Qe4 26. Qe3 Ra1+ 27. Kd2 Qg2+
28. Qe2 Rxd1+ 29. Rxd1 Qxh3 30. Ne3 Ra8 31. Rc1 Qxh4 32. Qf3 Ra2+ 33. Rc2 Rxc2+
34. Kxc2 Qf6 35. b4 Qd4 36. b5 Be6 37. Kb3 Qd3+ 38. Kb4 Qd2+ 39. Kb3 Qd3+ 40.
Kb4 Qd2+ 41. Kb3 1/2-1/2

[Event "Bayerische EM 2014 Allg. Gruppe"]
[Site "Westerndorf St. Peter/Rosenheim"]
[Date "2014.08.28"]
[Round "8.3"]
[White "Straub, Jürgen"]
[Black "Schelle, Artur"]
[Result "1/2-1/2"]
[WhiteElo "2201"]
[BlackElo "2247"]
[PlyCount "78"]
[EventDate "2014.??.??"]
[WhiteTeam "SK Ingolstadt"]
[BlackTeam "SC Tarrasch 45 München"]

1. e4 d5 2. exd5 Qxd5 3. Nf3 Bg4 4. Be2 Nc6 5. h3 Bxf3 6. Bxf3 Qe6+ 7. Qe2
Qxe2+ 8. Bxe2 Nd4 9. Bd1 O-O-O 10. c3 Nc6 11. Ke2 e6 12. Ba4 Nge7 13. d3 Nd5
14. Bxc6 bxc6 15. Be3 e5 16. Nd2 f5 17. f3 g5 18. g4 Nxe3 19. Kxe3 h5 20. gxf5
Bh6 21. Ke2 Rhf8 22. Ne4 Rxf5 23. Ng3 Rf4 24. Nxh5 Rh4 25. Ng3 Bf8 26. Nf5 Rh5
27. Rag1 Bc5 28. Rg4 Rdh8 29. Kf1 Rf8 30. Ng3 Rxf3+ 31. Ke2 Rf2+ 32. Ke1 Rxb2
33. Nxh5 Rb1+ 34. Kd2 Rxh1 35. Rxg5 Rh2+ 36. Kd1 Rxh3 37. Rxe5 Bd6 38. Re8+ Kb7
39. Nf6 Rxd3+ 1/2-1/2

[Event "Bayerische EM 2014 Allg. Gruppe"]
[Site "Westerndorf St. Peter/Rosenheim"]
[Date "2014.08.28"]
[Round "8.4"]
[White "Knechtel, Roland"]
[Black "Heimrath, Reiner"]
[Result "1-0"]
[WhiteElo "2227"]
[BlackElo "2192"]
[PlyCount "231"]
[EventDate "2014.??.??"]
[WhiteTeam "SV Röhrnbach e.V."]
[BlackTeam "SC Noris-Tarrasch Nürnberg 1873"]

1. d4 d6 2. Nf3 Nd7 3. Bg5 h6 4. Bh4 c6 5. c4 Qb6 6. Qd2 a5 7. Nc3 a4 8. e3 Qa5
9. Be2 g6 10. O-O Bg7 11. Rab1 Ngf6 12. b4 axb3 13. axb3 g5 14. b4 Qa3 15. Bg3
Nh5 16. Rb2 Nxg3 17. hxg3 Qa7 18. b5 O-O 19. Rfb1 c5 20. b6 Qb8 21. g4 Ra6 22.
Rb5 e6 23. Nh2 Kh8 24. Nf1 cxd4 25. exd4 e5 26. d5 Nf6 27. Ne3 Bd7 28. R5b3 Qc8
29. c5 Ra5 30. c6 bxc6 31. b7 Qb8 32. dxc6 Bxc6 33. Rb6 Rc5 34. Nf5 Nd7 35.
R6b3 d5 36. Ne7 d4 37. Nxc6 Rxc6 38. Ne4 Rc7 39. Bf3 Qa7 40. Nd6 Rc5 41. Qb4
Qb8 42. Nf5 Qc7 43. Ra3 Rb8 44. Ra8 Bf8 45. Rxb8 Nxb8 46. Qb6 Rc1+ 47. Kh2 Qxb6
48. Rxb6 Re1 49. Ng3 Kg7 50. Be4 Bc5 51. Rb5 Rc1 52. Nf5+ Kf6 53. Ra5 Bb6 54.
Rb5 Bc7 55. g3 Nd7 56. Nxh6 Nc5 57. Rb6+ Ke7 58. Ng8+ Kd8 59. Nf6 Re1 60. Bf5
d3 61. b8=Q+ Bxb8 62. Rxb8+ Kc7 63. Rc8+ Kd6 64. Rxc5 Kxc5 65. Bxd3 Kd6 66.
Ne4+ Ke7 67. Nxg5 f6 68. Ne4 Rd1 69. Be2 Re1 70. Bf3 Ra1 71. Kg2 Ra2 72. Nc3
Rd2 73. Nd5+ Kf7 74. Ne3 Rd4 75. Bd5+ Kf8 76. Kf3 Ke8 77. Be4 Kf8 78. g5 fxg5
79. Ng4 Ke7 80. Nxe5 Kf6 81. Nd3 Ra4 82. Ke3 Ra3 83. g4 Ra4 84. f4 Rc4 85. f5
Ke7 86. Ne5 Ra4 87. Bf3 Kf6 88. Nd7+ Ke7 89. Nc5 Ra3+ 90. Kf2 Ra2+ 91. Kg3 Kd6
92. Ne4+ Ke5 93. Nxg5 Ra1 94. Nh3 Ra4 95. Nf2 Ra3 96. Ne4 Rb3 97. Nc5 Ra3 98.
Nd7+ Kd6 99. Nf8 Ra4 100. Ng6 Rb4 101. Kh4 Rb3 102. Be2 Rb4 103. Kg5 Kd5 104.
Bf3+ Kd6 105. Kf6 Rb3 106. Be2 Re3 107. Ba6 Rb3 108. Bc8 Rg3 109. g5 Rg1 110.
Be6 Rg2 111. Nf8 Rh2 112. g6 Rh6 113. Kf7 Ke5 114. Nd7+ Kd6 115. g7 Rh7 116.
Kf8 1-0

[Event "Bayerische EM 2014 Allg. Gruppe"]
[Site "Westerndorf St. Peter/Rosenheim"]
[Date "2014.08.28"]
[Round "8.5"]
[White "Stips, Felix"]
[Black "Bintakies, Michael"]
[Result "1-0"]
[WhiteElo "2315"]
[BlackElo "2215"]
[PlyCount "65"]
[EventDate "2014.??.??"]
[WhiteTeam "TSV Bindlach Aktionär-Schachabte"]
[BlackTeam "SK Kriegshaber"]

1. Nf3 f5 2. g3 Nf6 3. Bg2 d6 4. d4 e6 5. O-O Be7 6. c4 O-O 7. Nc3 Ne4 8. Nxe4
fxe4 9. Nd2 d5 10. f3 Nc6 11. fxe4 Rxf1+ 12. Nxf1 dxc4 13. Be3 Bd7 14. e5 Be8
15. Rc1 b5 16. b3 Ba3 17. Rc2 Rb8 18. bxc4 bxc4 19. Rxc4 Nxe5 20. Ra4 Bb2 21.
Rxa7 Ng4 22. d5 Bf7 23. Bd4 Bxd4+ 24. Qxd4 Nf6 25. Qe5 exd5 26. Rxc7 Ra8 27.
Rb7 Ne4 28. Bh3 Qf8 29. Ne3 Re8 30. Qf4 g5 31. Qf5 Kh8 32. Rxf7 Qh6 33. Nxd5
1-0

[Event "Bayerische EM 2014 Allg. Gruppe"]
[Site "Westerndorf St. Peter/Rosenheim"]
[Date "2014.08.28"]
[Round "8.6"]
[White "Shashkin, Igor"]
[Black "Pohl-Kuemmel, Jens-Uwe"]
[Result "0-1"]
[WhiteElo "2115"]
[BlackElo "2270"]
[PlyCount "92"]
[EventDate "2014.??.??"]
[WhiteTeam "PTSV SK Hof 1892"]
[BlackTeam "TSV Wacker Neutraubling"]

1. e4 d6 2. d4 Nf6 3. Nc3 g6 4. Nf3 Bg7 5. Be2 O-O 6. O-O c6 7. a4 a5 8. h3 Na6
9. Be3 Nb4 10. Qd2 Re8 11. Rfd1 Qc7 12. Ne1 e5 13. dxe5 dxe5 14. Qd6 Qxd6 15.
Rxd6 Be6 16. Rad1 Bf8 17. R6d2 Na2 18. Nxa2 Bxa2 19. f3 Be6 20. Nd3 Nd7 21. b3
f5 22. exf5 gxf5 23. Nb2 Nf6 24. Bf2 Nd5 25. c4 Nc3 26. Ra1 Rad8 27. Rc2 e4 28.
fxe4 Nxe4 29. Bb6 Bc5+ 30. Bxc5 Nxc5 31. Bh5 Bf7 32. Bxf7+ Kxf7 33. Rf1 Kg6 34.
Rcf2 Re5 35. Rf3 Rd2 36. R1f2 Re1+ 37. Kh2 Rxf2 38. Rxf2 Rb1 39. Rd2 Kg5 40. g3
Nxb3 41. h4+ Kf6 42. Rf2 Nd4 43. c5 Rc1 44. Nd3 Rc3 45. Ne1 Rxc5 46. Rb2 b5 0-1